Co se skrýva za značkou : Historická encyklopedie podnikatelů
Saved in:
| Main Author: | |
|---|---|
| Format: | Book |
| Language: | Czech |
| Published: |
Praha :
Professional Publishing,
2011
|
| Subjects: | |
| Tags: |
No Tags, Be the first to tag this record!
|
MARC
| LEADER | 00000nam a22000003a 4500 | ||
|---|---|---|---|
| 001 | stu244841 | ||
| 005 | 20150617230154.2 | ||
| 008 | 120322s2011----xr------------------cze-d | ||
| 020 | |a 978-80-7431-041-6 | ||
| 040 | |a STU |b slo | ||
| 041 | 0 | |a cze | |
| 044 | |a xr | ||
| 080 | |a 658.626 | ||
| 100 | 1 | |a Geršlová, Jana |4 aut | |
| 245 | 1 | |a Co se skrýva za značkou : |b Historická encyklopedie podnikatelů | |
| 260 | |a Praha : |b Professional Publishing, |c 2011 | ||
| 300 | |a 376 s | ||
| 650 | 7 | |a obchodná značka |2 stusub | |
| 650 | 7 | |a podnikatelia |2 stusub | |
| 996 | |b 284M080884 |c M*13165-1 |l MMST |s P |a 0 |w stu244841_0001 | ||